ESSENTIALS OD MEDICAL MICROBIOLOGY (Record no. 30765)

MARC details
000 -LEADER
fixed length control field 00351nam a22001577a 4500
003 - CONTROL NUMBER IDENTIFIER
control field SGT
020 ## - INTERNATIONAL STANDARD BOOK NUMBER
International Standard Book Number 9789356963320
082 ## - DEWEY DECIMAL CLASSIFICATION NUMBER
Classification number 616.01
Item number E24S
100 ## - MAIN ENTRY--PERSONAL NAME
Personal name SASTRY, APURBA S.
245 ## - TITLE STATEMENT
Title ESSENTIALS OD MEDICAL MICROBIOLOGY
250 ## - EDITION STATEMENT
Edition statement 4TH
260 ## - PUBLICATION, DISTRIBUTION, ETC. (IMPRINT)
Place of publication, distribution, etc INDIA
Name of publisher, distributor, etc JAYPEE PUB
Year of Publication 2024
300 ## - PAGE DESCRIPTION
No. of Pages 710
650 ## - SUBJECT ADDED ENTRY--TOPICAL TERM
Topical term or geographic name as entry element MICROBIOLOGY
942 ## - ADDED ENTRY ELEMENTS (KOHA)
Source of classification or shelving scheme Dewey Decimal Classification
Koha item type Books
Holdings
Withdrawn status Lost status Source of classification or shelving scheme Damaged status Not for loan Collection code Home library Current library Shelving location Date acquired Vendor Name Cost, normal purchase price SGTU Bill Number Full call number Accession No. (Barcode) Date last seen Bill Date Koha item type Total Checkouts Checked out Date last borrowed
    Dewey Decimal Classification   Not For Loan MEDICAL SGT Medical Library SGT Medical Library Reference Book 11/02/2025 ABC DELHI 1525.00 SGTU 20461 616.01 E24S FM15021 08/04/2025 11/02/2025 Books      
    Dewey Decimal Classification     MEDICAL SGT Medical Library SGT Medical Library Text Book 11/02/2025 ABC DELHI 1525.00 SGTU 20461 616.01 E24S FM15022 10/07/2025 11/02/2025 Books 12 05/08/2025 10/07/2025
    Dewey Decimal Classification     MEDICAL SGT Medical Library SGT Medical Library Text Book 11/02/2025 ABC DELHI 1525.00 SGTU 20461 616.01 E24S FM15023 06/06/2026 11/02/2025 Books 33 20/06/2026 06/06/2026
    Dewey Decimal Classification     MEDICAL SGT Medical Library SGT Medical Library Text Book 11/02/2025 ABC DELHI 1525.00 SGTU 20461 616.01 E24S FM15024 02/06/2026 11/02/2025 Books 23   02/06/2026
    Dewey Decimal Classification     MEDICAL SGT Medical Library SGT Medical Library Text Book 11/02/2025 ABC DELHI 1525.00 SGTU 20461 616.01 E24S FM15025 01/06/2026 11/02/2025 Books 28 15/06/2026 01/06/2026